The new international Webster's standard thesaurus. (Record no. 3490)

MARC details
000 -LEADER
fixed length control field 00380nam a2200133 4500
001 - CONTROL NUMBER
control field 4241
005 - DATE AND TIME OF LATEST TRANSACTION
control field 20181127172935.0
020 00 - INTERNATIONAL STANDARD BOOK NUMBER
International Standard Book Number 1582793948
090 00 - LOCALLY ASSIGNED LC-TYPE CALL NUMBER (OCLC); LOCAL CALL NUMBER (RLIN)
Classification number (OCLC) (R) ; Classification number, CALL (RLIN) (NR) 423.12 T824w 2006
245 00 - TITLE STATEMENT
Title The new international Webster's standard thesaurus.
Remainder of title
Statement of responsibility, etc.
Medium
260 00 - PUBLICATION, DISTRIBUTION, ETC.
Place of publication, distribution, etc. USA :
Name of publisher, distributor, etc. Trident Reference Pub,
Date of publication, distribution, etc. 2006.
300 00 - PHYSICAL DESCRIPTION
Extent 331 p. ; 25 cm.
650 00 - SUBJECT ADDED ENTRY--TOPICAL TERM
Topical term or geographic name entry element English language --Synonyms and antonyms.
General subdivision
Holdings
Withdrawn status Lost status Source of classification or shelving scheme Damaged status Not for loan Collection code Home library Current library Shelving location Serial Enumeration / chronology Inventory number Total Checkouts Full call number Barcode Date last seen Copy number Price effective from Koha item type
    Dewey Decimal Classification     Reference RTC Library RTC Library Reference 7110   423.12 TRI 30009878 27/11/2018 1 27/11/2018 Reference
    Dewey Decimal Classification     Main TEST RTC Library RTC Library Main opac 7109   423.12 TRI 30009857 27/11/2018 2 27/11/2018 Main
    Dewey Decimal Classification     Main TEST RTC Library RTC Library Main opac 7111   423.12 TRI 30007945 27/11/2018 3 27/11/2018 Main
Royal Thimphu College || All Right Reserved